000 00722nam a2200181Ia 4500
999 _c45339
_d45339
003 GCL
005 20240530104204.0
008 140319s9999 xx 000 0 ara d
040 _aGCL /
_cGCL
082 0 4 _a237.7
_bن ا
100 1 _aنجم الدين محمد بن احمد الغيطى
245 1 0 _aالاربعون حديثا فى تارك الصلاة ومانع الزكاة والامر بالمعروف والنهى عن المنكر والوصية بالجار /
_cنجم الدين محمد بن احمد الغيطى
260 _a[S.N] :
_bمركز الكتاب للنشر ،
_c1984
300 _a84
650 0 4 _aالاحاديث النبوية
650 0 4 _aحديث الاحكام
942 _2ddc
_cBK